An introduction physical chemistry : (Record no. 17863)

MARC details
000 -LEADER
fixed length control field 01526nam a22003377i 4500
003 - CONTROL NUMBER IDENTIFIER
control field EG-ScBUE
005 - DATE AND TIME OF LATEST TRANSACTION
control field 20250707090848.0
008 - FIXED-LENGTH DATA ELEMENTS--GENERAL INFORMATION
fixed length control field 131217s2012 ii a f d 001 0 eng d
020 ## - INTERNATIONAL STANDARD BOOK NUMBER
International Standard Book Number 9788122432213
040 ## - CATALOGING SOURCE
Original cataloging agency EG-ScBUE
Language of cataloging eng
Description conventions rda
Transcribing agency EG-ScBUE
Modifying agency EG-ScBUE
082 04 - DEWEY DECIMAL CLASSIFICATION NUMBER
Edition number 22
Classification number 541
Item number DAS
100 1# - MAIN ENTRY--PERSONAL NAME
9 (RLIN) 34676
Personal name Das, Ishwar,
Relator term author.
245 13 - TITLE STATEMENT
Title An introduction physical chemistry :
Remainder of title a textbook for B. Sc. third year and reference book for postgraduate students /
Statement of responsibility, etc Ishwar Das, professor Department of Chemistry, D.D.U. Gorakhpur University, Gorakhpur, (U.P.), Archana Sharma, senior scientist, TKDL Unit, CSIR head quarter, Anusandhan Bhavan, Rafi Marg, New Delhi, Namita Rani Agrawal, senior lecturer, Department of Chemistry, St. Andrew's P.G. College, Gorakhpur, (U.P.).
250 ## - EDITION STATEMENT
Edition statement Third revised edition.
264 #1 - PUBLICATION, DISTRIBUTION, ETC. (IMPRINT)
Place of publication, distribution, etc New Delhi :
Name of publisher, distributor, etc New Age International (P.) Limited, Publishers,
Date of publication, distribution, etc 2012.
300 ## - PHYSICAL DESCRIPTION
Extent xv, 355 pages :
Other physical details illustrations ;
Dimensions 24 cm.
336 ## - CONTENT TYPE
Source rdacontent
Content type term text
Content type code txt
337 ## - MEDIA TYPE
Media type term unmediated
Source rdamedia
Media type code n
338 ## - CARRIER TYPE
Carrier type term volume
Carrier type code nc
Source rdacarrier
490 0# - SERIES STATEMENT
Series statement New age
500 ## - GENERAL NOTE
General note Include glossary.
500 ## - GENERAL NOTE
General note Includes Appendices.<br/>
500 ## - GENERAL NOTE
General note Includes index.<br/>
521 ## - TARGET AUDIENCE NOTE
Target audience note For B. Sc. third year and postgraduate students.
650 #7 - SUBJECT ADDED ENTRY--TOPICAL TERM
9 (RLIN) 34674
Topical term or geographic name as entry element Chemistry, Physical and theoretical.
Form subdivision Textbooks.
Source of heading or term BUEsh
653 ## - INDEX TERM--UNCONTROLLED
Arrived date list December2013
655 ## - INDEX TERM--GENRE/FORM
Form subdivision Reading book
9 (RLIN) 34232
700 1# - ADDED ENTRY--PERSONAL NAME
Personal name Sharma, Archana,
9 (RLIN) 34677
Relator term author.
700 1# - ADDED ENTRY--PERSONAL NAME
9 (RLIN) 34675
Personal name Agrawal, Namita Rani,
Relator term author.
942 ## - ADDED ENTRY ELEMENTS (KOHA)
Source of classification or shelving scheme Dewey Decimal Classification
Koha item type Book - Borrowing
Holdings
Withdrawn status Lost status Source of classification or shelving scheme Damaged status Not for loan Collection code Home library Current library Shelving location Date acquired Source of acquisition Total Checkouts Full call number Barcode Date last seen Koha item type
    Dewey Decimal Classification     Donation-Gift Central Library Central Library First floor 17/12/2013 Purchase   541 DAS 000035228 15/07/2025 Book - Borrowing